| 000 | 00461cam a2200193ua 4500 | ||
|---|---|---|---|
| 001 | 10523 | ||
| 008 | 190313n ii |||gr||||Z||||||asm | ||
| 020 | _a9788186385135 | ||
| 040 | _cMAIN | ||
| 041 | _aasm | ||
| 082 | _a891.4513 | ||
| 100 |
_aJayanta Madhab Bora, _eAuthor. |
||
| 245 | _aKalbelar kathakata | ||
| 250 | _a2nd ed. | ||
| 260 |
_aGuwahati: _bAssam publishing company, _c2015. |
||
| 300 | _a232p. | ||
| 653 | _aAssamese short story | ||
| 942 | _cBK | ||
| 999 |
_c9506 _d9506 |
||